Online
Catalog

No me dejes solo : (Record no. 22818)

MARC details
000 -CABECERA
campo de control de longitud fija 00758nam a2200205 a 4500
001 - NÚMERO DE CONTROL
campo de control 000023321
005 - FECHA Y HORA DE LA ÚLTIMA TRANSACCIÓN
campo de control 20240510073819.0
008 - DATOS DE LONGITUD FIJA--INFORMACIÓN GENERAL
campo de control de longitud fija 101202s2006 pr ac 000 | spa d
040 ## - FUENTE DE LA CATALOGACIÓN
Centro catalogador/agencia de origen DO-SdBNP
Lengua de catalogación spa
Centro/agencia transcriptor BNPHU
082 ## - NÚMERO DE LA CLASIFICACIÓN DECIMAL DEWEY
Número de clasificación 291.4
Número de documento/Ítem A526n
049 ## - FONDOS LOCALES (OCLC)
Fondos de biblioteca BNGR
100 1# - ENTRADA PRINCIPAL--NOMBRE DE PERSONA
Nombre de persona Amparo Rivera, Roberto
9 (RLIN) 48031
245 10 - MENCIÓN DE TÍTULO
Título No me dejes solo :
Resto del título una pastoral comunitaria de cuidado, afirmación y acompañamiento /
Mención de responsabilidad, etc. Roberto Amparo Rivera ; prólogo de Pablo A. Jiménez.
260 ## - PUBLICACIÓN, DISTRIBUCIÓN, ETC.
Lugar de publicación, distribución, etc. Río Piedras, (Puerto Rico) :
Nombre del editor, distribuidor, etc. Ediciones Palabra y más,
Fecha de publicación, distribución, etc. 2006.
300 ## - DESCRIPCIÓN FÍSICA
Extensión 196 p. :
Otras características físicas il. , retrs ;
Dimensiones 21 cm.
500 ## - NOTA GENERAL
Nota general Incluye referencias bibliográficas
650 #4 - PUNTO DE ACCESO ADICIONAL DE MATERIA--TÉRMINO DE MATERIA
Término de materia o nombre geográfico como elemento de entrada Vida religiosa
9 (RLIN) 15864
650 #0 - PUNTO DE ACCESO ADICIONAL DE MATERIA--TÉRMINO DE MATERIA
Término de materia o nombre geográfico como elemento de entrada Vida cristiana
9 (RLIN) 668
700 1# - PUNTO DE ACCESO ADICIONAL--NOMBRE DE PERSONA
Nombre de persona Jiménez, Pablo A.,
Término indicativo de función/relación pról.
9 (RLIN) 48032
Holdings
Estado de retiro Estado de pérdida Restricciones de uso No para préstamo Código de colección Localización permanente Ubicación/localización actual Ubicación en estantería Fecha de adquisición Número de inventario Total de préstamos Signatura topográfica completa Código de barras Fecha visto por última vez Precio válido a partir de Tipo de ítem Koha Número de copia
        Monografías: Libros y Folletos General General En catalogación 02.12.2010 LF1   291.4 A526n 23321-10 25.06.2020 25.06.2020 Préstamo en sala  
      Excluido de préstamo Monografías: Libros y Folletos General General En catalogación 02.12.2010 LF1   291.4 A526n 23321-20 25.06.2020 25.06.2020 No se presta e.2
      Excluido de préstamo Monografías: Libros y Folletos General General En catalogación 08.02.2011 LF1   291.4 A526n 23321-30 25.06.2020 25.06.2020 No se presta e.3

Powered by Koha